[Event "RUS-chT Blitz Men 2018"]
[Site "Sochi"]
[Date "2018.10.10"]
[Round "7"]
[White "Kamsky, Gata"]
[Black "Alekseev, Evgeny"]
[Result "1/2-1/2"]
[WhiteElo "2666"]
[BlackElo "2620"]
[Annotator "TA"]
[PlyCount "82"]
[EventDate "2018.10.10"]
[EventType "swiss"]
[EventCountry "RUS"]
[SourceTitle "playchess.com"]
[Source "ChessBase"]
[SourceQuality "1"]

{[%evp 18,82,41,41,73,63,56,55,57,33,52,52,48,34,50,39,66,54,55,66,80,90,229,229,220,214,216,227,240,236,301,300,277,188,207,108,125,69,84,56,54,-101,0,-18,-24,-274,-274,-270,-260,-477,-16,-16,-16,-17,179,162,402,336,329,322,291,0,0,0,289,0,0]} 1. d4 Nf6 2. Nf3 c5 3. d5 b5 4. c4 bxc4 5. Nc3 d6 6. e4 g6 7. h3 Bg7 8. Bxc4 O-O 9. O-O Nbd7 {A57: Wolga/Benkö-Gambit} 10. Re1 {LiveBook: 21 Partien} (10. Bf4 Rb8 11. Rb1 Nh5 12. Be3 Rb4 13. Be2 Qb6 14. Qc2 Ba6 15. a3 Rb3 16. Na4 Qa5 17. Bxa6 Rxe3 18. fxe3 Qxa6 {½-½ (43) Leitao,R (2612)-Barbosa,E (2505) Tres Barras 2016}) 10... a5 11. Bf4 Ba6 $146 {Weiß steht etwas besser.} ({Vorgänger:} 11... Qb6 12. Qb3 Ba6 13. e5 Bxc4 14. Qxc4 dxe5 15. Nxe5 {½-½ (51) Savage,B (2204)-Kennaugh,C (2287) Olomouc 2004}) 12. Bxa6 Rxa6 {[%cal Ba8a6,Ba6b6,Bb6b4][%mdl 32]} 13. e5 dxe5 14. Nxe5 Nxe5 15. Bxe5 Rb6 16. Qd2 Rb4 17. a3 $36 {[%mdl 2048] Schwarz steht unter Druck.} Rb3 18. Rad1 Qb6 19. Re2 Rd8 (19... Qa6 $16) 20. d6 $1 $18 {[%cal Rd6e7]} e6 21. Qg5 h6 22. Qh4 $1 g5 23. Qc4 Nd7 24. Bxg7 Kxg7 25. Rdd2 Rb8 26. h4 (26. f4 $1 $18) 26... Qd8 $16 27. hxg5 ({Günstiger ist} 27. Ne4 $16) 27... hxg5 $14 28. Qg4 {Und Sd5! würde nun gewinnen.} Qf6 29. g3 $2 (29. Ne4 $1 $14 {bleibt weiter vorne.} Qg6 30. Qxg5) 29... Qg6 (29... Ne5 $17 30. Rxe5 Qxe5) 30. Kg2 Rh8 31. Ne4 $2 (31. Re1 $11 {und Weiss muss sich keine Sorgen machen.}) 31... f5 $19 32. Qxg5 {De7+ ist eine echte Drohung.} fxe4 33. Qe7+ $2 (33. Qxg6+ {war die einzige Verteidigung.} Kxg6 34. Rxe4) 33... Qf7 $2 (33... Kg8 $1 $19 34. Qxd7 Rb8) 34. Rxe4 $11 {Weiss droht Tg4+ und Matt.} Nf6 35. Rxe6 {Droht d7 und aus.} Rb7 $2 (35... Re8 $11 {und Schwarz steht sicher.}) 36. d7 $1 $18 {Droht stark Tdd6.} Rxd7 $2 (36... Rhb8 {war einen Versuch wert.}) 37. Rxd7 Nxd7 {[#]} 38. Qg5+ $1 Kf8 39. Qd8+ Kg7 40. Qg5+ Kf8 {[#]} 41. Qd8+ $2 (41. Re3 $1 $18) 41... Kg7 {Precision: Weiß = 36%, Schwarz = 33%.} 1/2-1/2

[Event "RUS-chT Blitz Men 2018"]
[Site "Sochi"]
[Date "2018.10.10"]
[Round "7"]
[White "Motylev, Alexander"]
[Black "Kryakvin, Dmitry"]
[Result "1/2-1/2"]
[WhiteElo "2661"]
[BlackElo "2595"]
[Annotator "TA"]
[PlyCount "45"]
[EventDate "2018.10.10"]
[EventType "swiss"]
[EventCountry "RUS"]
[SourceTitle "playchess.com"]
[Source "ChessBase"]
[SourceQuality "1"]

{[%evp 33,45,115,115,115,114,0,0,0,108,0,0,0,93,0]} 1. e4 c5 2. Nf3 d6 3. d4 cxd4 4. Nxd4 Nf6 5. Nc3 Nc6 6. Bg5 e6 7. Qd2 Be7 8. O-O-O O-O 9. f4 h6 10. h4 Nxd4 11. Qxd4 hxg5 12. hxg5 Ng4 13. Be2 {B65: Sicilian: Richter-Rauzer: 7...Be7 8 0-0-0 0-0 9 f4 Nxd4} e5 14. Qg1 exf4 15. Bxg4 Bxg4 16. Qh2 f5 17. Qh7+ (17. g6 Bh4 18. Rd4 fxe4 19. Rxe4 Bh5 20. Qxh4 Qxh4 21. Rxh4 Bxg6 22. Rexf4 {½-½ (41) Yu,R (2571)-Popov,I (2653) China 2015}) 17... Kf7 {LiveBook: 5 Games} 18. exf5 {Threatening mate with Qg6+.} Bxg5 19. Qg6+ $146 Kg8 20. Qh7+ Kf7 21. Qg6+ {[%mdl 1024] White has strong compensation.} Kg8 22. Qh7+ Kf7 {[#]} 23. Qg6+ (23. Ne4 $1 $16 {[%cal Re4d6]} f3+ 24. Kb1 fxg2 25. Qg6+ Kg8 26. Nxg5 Bxf5 {[#]} 27. Qh5 $1 {[%mdl 512]} gxh1=N 28. Rxh1 Qxg5 29. Qxg5) 1/2-1/2

[Event "RUS-chT Blitz Men 2018"]
[Site "Sochi"]
[Date "2018.10.10"]
[Round "7"]
[White "Alekseenko, Kirill"]
[Black "Artemiev, Vladislav"]
[Result "1-0"]
[WhiteElo "2639"]
[BlackElo "2706"]
[Annotator "TA"]
[PlyCount "75"]
[EventDate "2018.10.10"]
[EventType "swiss"]
[EventCountry "RUS"]
[SourceTitle "playchess.com"]
[Source "ChessBase"]
[SourceQuality "1"]

{[%evp 17,75,31,25,11,60,26,26,14,18,22,47,54,54,-34,-32,-82,-67,-81,-94,-83,48,55,47,43,75,69,68,63,49,54,47,53,81,77,117,118,169,10,5,-60,-31,-22,-22,-32,-22,-144,-144,-152,-144,-137,0,0,92,107,1710,1620,29995,-127,29996,29997]} 1. e4 c6 2. d4 d5 3. e5 Bf5 4. Nf3 e6 5. Be2 Nd7 6. O-O Bg6 7. Nbd2 {B12: Caro-Kann: Advance Variation} Nh6 8. Nb3 Nf5 9. Bd2 (9. c3 Rc8 10. g4 Ne7 11. Be3 h5 12. h3 hxg4 13. hxg4 Be4 14. Nbd2 c5 {1-0 (56) Anand,V (2776)-Artemiev,V (2697) Moscow 2018}) 9... Rc8 {LiveBook: 17 Games} 10. c3 Be7 11. a4 $146 ({Predecessor:} 11. Nc1 c5 12. Nd3 Bh5 13. dxc5 Bxf3 14. Bxf3 Nxc5 15. Nxc5 Bxc5 {1-0 (35) Nisipeanu,L (2661)-Popov,V (2585) Rijeka 2010}) 11... O-O 12. g4 Nh6 {[%cal Bf5h6,Bh6f7,Bf7d6,Bd6e4][%mdl 32]} 13. h3 f6 14. exf6 Rxf6 15. Nc1 (15. Ne5 $14 Nxe5 16. dxe5) 15... Nf7 $15 16. Nh4 {[#]} Rxf2 $1 {[%mdl 512]} 17. Rxf2 Bxh4 18. Rf1 Bg3 (18... e5 $1 $17 {Hoping for ...Ng5.} 19. Bf3 exd4 20. cxd4 Qb6) 19. Bd3 $1 $36 {[%mdl 2048] White has some pressure.} Qh4 20. Kg2 {And now Bxg6 would win.} Nd6 {Threatens to win with ...Ne4.} 21. Bxg6 hxg6 22. Ne2 Ne4 23. Be1 Bxe1 24. Qxe1 Qh6 25. Ng3 Ng5 26. Rh1 {Black must now prevent h4.} e5 (26... Qh4 $16 {might work better.}) 27. dxe5 $2 (27. h4 $18) 27... Ne6 $1 $11 {[%cal Re6f4] Strongly threatening ...Nf4+.} 28. Rf1 (28. h4 $11) 28... Nf4+ 29. Rxf4 $1 Qxf4 30. e6 Nc5 {Black wants to play ...Re8.} 31. Qe2 {[#]} (31. b4 $1 $11 Nd3 32. Qe2) 31... Re8 $1 $17 32. e7 {[#]} Ne4 $1 33. Nxe4 dxe4 (33... Rxe7 $17 34. Rf1 Qxe4+ 35. Qf3 g5) 34. Rf1 $11 Qe5 (34... Qd6 $11) 35. Qc4+ $16 Kh7 $2 {[%mdl 8192]} (35... Qd5 $16 36. Qxd5+ cxd5) 36. Rf8 $18 Rxe7 37. Qg8+ Kh6 38. h4 {Precision: White = 49%, Black = 37%.} 1-0

[Event "RUS-chT Blitz Men 2018"]
[Site "Sochi"]
[Date "2018.10.10"]
[Round "7"]
[White "Lysyj, Igor"]
[Black "Morozevich, Alexander"]
[Result "1/2-1/2"]
[WhiteElo "2631"]
[BlackElo "2656"]
[Annotator "TA"]
[PlyCount "90"]
[EventDate "2018.10.10"]
[EventType "swiss"]
[EventCountry "RUS"]
[SourceTitle "playchess.com"]
[Source "ChessBase"]
[SourceQuality "1"]

{[%evp 24,90,29,0,0,12,16,18,77,33,35,41,57,14,57,23,51,0,0,0,0,0,0,0,0,0,0,0,0,-35,0,-95,-92,-248,59,47,116,118,100,112,104,54,47,6,10,0,0,0,12,0,0,0,0,0,9,0,125,0,0,0,0,0,0,0,0,0,0,0,0]} 1. d4 Nf6 2. c4 c5 3. d5 g6 4. Nc3 Bg7 5. e4 O-O 6. Nf3 d6 7. Be2 e6 8. O-O Re8 9. h3 exd5 10. exd5 Na6 11. Bd3 Nc7 12. a4 Na6 13. Bf4 Nb4 {E90: King's Indian: Classical: Early deviations and 6 h3} 14. Bb1 a6 (14... Nh5 15. Bg5 f6 16. Be3 f5 17. Bg5 Bf6 18. Bh6 b6 19. Qd2 a6 20. Ra3 Rb8 21. Nd1 {½-½ (76) Antic,D (2481)-Ivanisevic,I (2560) Herceg Novi 2001}) 15. Ra3 $146 ({Predecessor:} 15. Qd2 Qc7 16. Bh2 Rd8 17. Re1 Bd7 18. Qf4 Be8 19. Ng5 Rab8 20. Qh4 b5 21. axb5 axb5 {1-0 (30) Potocnik,P (2272)-Pucelj,J Bled 2000}) 15... Bf8 (15... b6 $11 {keeps the balance.}) 16. Re1 (16. Qd2 {is interesting.} Rb8 17. Bg5 b5 18. axb5 axb5 19. Nxb5 Ba6 20. Qf4) 16... Rxe1+ 17. Qxe1 Bd7 18. Qd1 Qc7 19. Nd2 Nh5 20. Bh2 ({Better is} 20. Bg5 $14) 20... f5 $11 21. g4 Ng7 $1 22. Nf1 Re8 23. Ne3 Qd8 24. Qf3 Qh4 25. Kg2 Be7 26. Ne2 {[%cal Rg4f5]} Rf8 27. Bg3 (27. Qg3 $11 {remains equal.}) 27... Qf6 $17 28. gxf5 $2 {[#]} (28. Rb3 $17 {was necessary.}) 28... Nxf5 $2 (28... Qxb2 $19 29. Qe4 Bg5 30. fxg6 Qxe2 31. gxh7+ Kh8) 29. Nxf5 $14 Bxf5 (29... gxf5 $14 30. Bf4 Qxb2) 30. Bxf5 $16 Qxf5 31. Qxf5 Rxf5 32. Re3 Kf7 33. Re6 Rf6 34. Rxf6+ Kxf6 $11 {[%mdl 4096] Endgame KBN-KBN} 35. b3 b5 36. axb5 axb5 37. Kf3 bxc4 38. bxc4 Kf5 39. Nc3 {Hoping for Ke2.} Nc2 {[#]} (39... Nd3 $1 $11) 40. Ke2 (40. Nb5 $1 $16) 40... Nd4+ $1 {The position is equal.} 41. Kd3 {Threatens to win with Ne4.} Nf3 $1 42. Nb5 Ne5+ 43. Bxe5 $1 Kxe5 44. Ke3 Bg5+ 45. Kf3 h5 {Precision: White = 37%, Black = 43%.} 1/2-1/2

[Event "RUS-chT Blitz Men 2018"]
[Site "Sochi"]
[Date "2018.10.10"]
[Round "7"]
[White "Paravyan, David"]
[Black "Grachev, Boris"]
[Result "1/2-1/2"]
[WhiteElo "2629"]
[BlackElo "2626"]
[Annotator "TA"]
[PlyCount "34"]
[EventDate "2018.10.10"]
[EventType "swiss"]
[EventCountry "RUS"]
[SourceTitle "playchess.com"]
[Source "ChessBase"]
[SourceQuality "1"]

{[%evp 14,34,32,24,39,22,23,13,22,0,21,9,13,13,5,11,6,11,9,9,25,14,27]} 1. d4 d5 2. c4 e6 3. Nf3 Nf6 4. g3 dxc4 5. Bg2 Bd7 6. Ne5 Bc6 7. Nxc6 Nxc6 8. e3 Qd7 {E04: Open Catalan: 5 Nf3} 9. O-O {[%mdl 1024] White has compensation.} Rd8 10. Qe2 e5 11. Rd1 (11. Qxc4 exd4 12. Qb5 Rb8 13. Rd1 a6 14. Qf1 Bd6 15. exd4 O-O 16. Bh3 {½-½ (76) Tomashevsky,E (2722)-Bu,X (2698) Novi Sad 2016}) 11... Be7 $146 {[%cal Re5d4]} ({Predecessor:} 11... exd4 12. Qxc4 d3 13. Qb5 Nb4 14. Qxb7 c5 15. a3 Qxb7 16. Bxb7 {1-0 (48) Legemaat,G (2391)-Orellana,C (2123) ICCF email 2005}) 12. d5 Nb4 {[%cal Rf6d5]} 13. Qxc4 Nbxd5 ({Wrong is} 13... Nfxd5 $2 14. a3 $18) 14. Nc3 c6 15. e4 Qg4 $1 16. h3 Nb6 17. Rxd8+ Bxd8 1/2-1/2

[Event "RUS-chT Blitz Men 2018"]
[Site "Sochi"]
[Date "2018.10.10"]
[Round "7"]
[White "Oparin, Grigoriy"]
[Black "Ozgibcev, Anatoly"]
[Result "1-0"]
[WhiteElo "2624"]
[BlackElo "2368"]
[Annotator "TA"]
[PlyCount "105"]
[EventDate "2018.10.10"]
[EventType "swiss"]
[EventCountry "RUS"]
[SourceTitle "playchess.com"]
[Source "ChessBase"]
[SourceQuality "1"]

{[%evp 19,105,39,36,48,56,17,58,3,16,-29,-39,-59,13,0,0,-33,0,-29,0,0,0,-3,22,29,95,94,106,109,214,208,277,269,270,257,257,264,285,283,287,293,318,291,415,400,396,381,531,510,490,438,459,459,434,434,517,504,527,567,844,812,776,760,742,714,1242,1166,1587,1238,3723,2647,29966,29967,29965,12283,29976,29977,29977,29978,29977,29979,29979,29980,29980,29980,29981,29980,29983,29981]} 1. Nf3 d5 2. g3 c5 3. Bg2 Nc6 4. d4 Nf6 5. O-O e6 6. c4 cxd4 7. cxd5 exd5 8. Nxd4 Be7 9. Nc3 O-O 10. Bf4 Bg4 11. h3 {D34: Tarrasch Defence: 6 g3 Nf6 7 Bg2 Be7} Be6 (11... Bh5 12. Nf5 d4 13. Nb5 Bc5 14. Rc1 Bb6 15. Nfd6 Qd7 16. Nxb7 Nb4 17. Qa4 Nbd5 18. Nc5 Bxc5 19. Rxc5 Nxf4 20. gxf4 Bxe2 21. Qxd4 Bxb5 22. Qxd7 Bxd7 23. Bxa8 Rxa8 {0-1 (37) Le Roux,J (2569)-Edouard,R (2686) Warsaw 2012}) 12. Rc1 Rc8 13. Nxc6 (13. Nxe6 $14 fxe6 14. e4) 13... bxc6 $11 14. b3 $146 ({Predecessor:} 14. Qa4 Qb6 15. Qc2 c5 16. Bg5 Rfd8 17. Rfd1 d4 18. Na4 Qb5 {0-1 (39) Obodchuk,A (2395)-Kiselev,G (2365) Czestochowa 1992}) 14... Qd7 15. g4 h6 (15... d4 $15 16. Na4 c5) 16. e3 Rfd8 17. Qd2 Bb4 18. Rfd1 Qe7 19. Qe2 Qb7 20. Na4 Qb5 21. Bf1 {[%cal Bg2f1,Bf1e2,Be2a6,Ba6b7][%mdl 32]} Qxe2 (21... Qb7 $1 $11 {remains equal.}) 22. Bxe2 $16 Ba3 23. Rc2 c5 {[#]} (23... Bd6 $16 {was called for.}) 24. Ba6 $1 $18 Rc6 25. Bb7 Rb6 26. Nxb6 axb6 27. Be5 Ne4 28. f3 Ng5 29. Kg2 f6 30. Bf4 Nf7 (30... Bf7 $142 31. Rcd2 d4 32. exd4 Ne6) 31. Rcd2 Bb4 32. Bxd5 Bxd2 33. Bxe6 b5 34. e4 Ba5 35. Rxd8+ Bxd8 {[%mdl 4096] Endgame KBB-KBN} 36. Bd6 Bb6 37. a4 bxa4 38. bxa4 g6 39. f4 {[%cal Bf3f4,Bf4f5][%mdl 32]} Kg7 40. Bxf7 Kxf7 {KB-KB} 41. f5 g5 42. Kf1 c4 43. Ke2 Ba5 44. e5 fxe5 45. Bxe5 Bb4 46. Ke3 Bc5+ 47. Ke4 {White mates.} Bb4 48. Kd4 c3 49. Kd3 c2 50. Kxc2 Ba5 51. Kb3 Bb6 52. Kc4 Bf2 53. Kb5 {Precision: White = 63%, Black = 17%.} 1-0

[Event "RUS-chT Blitz Men 2018"]
[Site "Sochi"]
[Date "2018.10.10"]
[Round "7"]
[White "Kobalia, Mikhail"]
[Black "Antipov, Mikhail Al."]
[Result "1-0"]
[WhiteElo "2620"]
[BlackElo "2593"]
[Annotator "TA"]
[PlyCount "40"]
[EventDate "2018.10.10"]
[EventType "swiss"]
[EventCountry "RUS"]
[SourceTitle "playchess.com"]
[Source "ChessBase"]
[SourceQuality "1"]

{[%evp 9,40,40,55,36,54,45,89,90,72,63,116,136,132,123,120,122,132,134,288,164,225,87,77,28,278,262,426,419,891,873,775,345,959]} 1. e4 e6 2. d4 d5 3. Nc3 Bb4 4. e5 Qd7 5. Qg4 Bf8 6. Nf3 {C16: French: 3 Nc3 Bb4 4 e5: Lines without ...c5} Ne7 7. Ne2 $146 ({Predecessor:} 7. Bg5 Nf5 8. O-O-O h6 9. Qh3 b6 10. Bb5 Nc6 11. g4 Nfe7 12. a3 Bb7 13. Bd3 O-O-O {0-1 (79) Comp Mephisto PC Bord A-Seirawan,Y (2600) The Hague 1995}) 7... Nbc6 8. c3 {White is better.} h5 9. Qh3 g6 (9... Ng6 $14) 10. Bg5 $16 Bg7 11. Nf4 $36 {[%mdl 2048] White is in control.} Nf5 12. Bd3 Nce7 13. Bf6 Kf8 $2 (13... a5 $16 {was worth a try.} 14. O-O b6 15. Bxg7 Nxg7) 14. Ng5 (14. g4 $142 $1) 14... Qd8 (14... Rh6 {might work better.} 15. Bxg7+ Kxg7) 15. Bxg7+ (15. Bxf5 $18 exf5 16. Bxg7+ Kxg7 17. Qe3) 15... Kxg7 16. Qf3 h4 $2 (16... c5 $1 $11 {and Black has nothing to worry.}) 17. g4 $18 hxg3 $2 (17... Nh6 18. Ng2 Nc6) 18. hxg3 Bd7 (18... Rxh1+ $142 19. Qxh1 Qh8 20. Qxh8+ Kxh8 21. Nxf7+ Kg8) 19. O-O-O Nh6 {[#]} 20. g4 (20. Rxh6 $142 $1 {[%mdl 512]} Rxh6 {[#]} (20... Kxh6 21. Rh1+) 21. Nxf7 $1 {[%mdl 512]} Kxf7 22. Nxe6+ $1 {[%mdl 512]} Kg8 23. Nxd8 Rxd8 24. e6 $1 {[%mdl 512]}) 20... c5 $2 {Precision: White = 37%, Black = 17%.} (20... Nc6 21. Qe3 Nxg4 22. Rxh8 Qxh8) 1-0

[Event "RUS-chT Blitz Men 2018"]
[Site "Sochi"]
[Date "2018.10.10"]
[Round "7"]
[White "Chigaev, Maksim"]
[Black "Potapov, Pavel"]
[Result "0-1"]
[WhiteElo "2599"]
[BlackElo "2515"]
[Annotator "TA"]
[PlyCount "53"]
[EventDate "2018.10.10"]
[EventType "swiss"]
[EventCountry "RUS"]
[SourceTitle "playchess.com"]
[Source "ChessBase"]
[SourceQuality "1"]

{[%evp 10,53,6,5,40,31,63,50,62,35,87,57,98,94,84,47,249,17,22,28,27,0,5,0,5,7,17,0,144,159,160,160,178,178,178,178,178,178,178,178,178,175,174,96,214,75]} 1. e4 c5 2. Be2 Nc6 3. f4 g6 4. Nf3 Bg7 5. O-O d5 (5... d6 6. c3 Nf6 7. d3 Rb8 8. a4 a6 9. Kh1 O-O 10. Be3 c4 11. Nbd2 cxd3 12. Bxd3 b5 13. axb5 axb5 {1-0 (34) Adhiban,B (2655)-Wang,Y (2690) Riadh 2017}) 6. d3 {LiveBook: 44 Games. B21: Sicilian: 2 f4 and Morra Gambit} dxe4 7. dxe4 Bg4 8. c3 {White is slightly better.} Qxd1 9. Bxd1 $146 ({Predecessor:} 9. Rxd1 e5 10. fxe5 {½-½ (38) Petre,N (2334)-Nanu,C (2509) Eforie Nord 2017}) 9... e5 (9... Nf6 $14) 10. Na3 {[%cal Bb1a3,Ba3b5,Bb5d6][%mdl 32]} exf4 11. Bxf4 {[#] Strongly threatening Nb5.} Nf6 12. Bb3 {And now Ng5 would win.} Rd8 $2 (12... O-O $14) 13. e5 $2 (13. Ne5 $18) 13... Nd5 $1 $11 {[%cal Rd5f4]} 14. Bg5 Rd7 15. Nb5 O-O 16. Rad1 Nb6 17. Rxd7 Nxd7 18. Nd6 {Nxf7 is the strong threat.} Ndxe5 (18... Be6 $1 $11) 19. Nxe5 $16 Nxe5 20. Be7 $36 {[%mdl 2048] White is really pushing.} ({Not} 20. Nxb7 c4 $15) 20... c4 21. Bxf8 ({Much less strong is} 21. Nxc4 Be2 $16) ({But not} 21. Bxc4 $6 Rb8 $14) 21... Bxf8 22. Nxc4 Bc5+ 23. Kh1 Nd3 24. h3 Be2 25. Rb1 h5 {[#]} 26. Kh2 (26. Ne5 $1 $18 {[%mdl 512]}) 26... h4 (26... b5 $16 {was necessary.}) 27. Nd2 {[%mdl 32768] Precision: White = 29%, Black = 37%. . Loss on Time!?} (27. Bd1 $18 Nf4 28. Bxe2 Nxe2 29. Rd1) 0-1

[Event "RUS-chT Blitz Men 2018"]
[Site "Sochi"]
[Date "2018.10.10"]
[Round "7"]
[White "Maletin, Pavel"]
[Black "Papenin, Nikolai"]
[Result "1-0"]
[WhiteElo "2586"]
[BlackElo "2334"]
[Annotator "TA"]
[PlyCount "91"]
[EventDate "2018.10.10"]
[EventType "swiss"]
[EventCountry "RUS"]
[SourceTitle "playchess.com"]
[Source "ChessBase"]
[SourceQuality "1"]

{[%evp 14,91,28,25,53,43,59,47,49,53,63,58,98,87,96,79,129,82,106,43,40,33,175,168,321,97,91,101,371,302,408,442,1034,1049,1205,-261,0,-265,-254,-256,-244,-220,-227,-306,-102,-127,-97,-70,0,-201,-205,-194,-197,-293,-2,-410,-385,-416,-434,-551,-535,-662,-660,-650,-639,-646,-627,-827,-522,-589,454,451,29979,29980,29980,1514,29980,29981,29996,29997]} 1. c4 Nf6 2. g3 g6 3. Bg2 d5 4. cxd5 Nxd5 5. Nc3 Nxc3 6. bxc3 Bg7 7. Rb1 Nd7 8. h4 {LiveBook: 11 Partien} h5 {A16: Englische Eröffnung} (8... h6 9. Nf3 O-O 10. d4 c5 11. Bf4 cxd4 12. cxd4 Nb6 13. O-O Be6 14. Qd2 h5 15. Rfc1 Rc8 16. Rxc8 Qxc8 {1-0 (27) Gabuzyan,H (2593)-Pascua,H (2447) Abu Dhabi 2015}) 9. Nf3 (9. Bxb7 Bxb7 10. Rxb7 Nb6 $17) 9... O-O 10. Ng5 c6 {Weiß steht etwas besser.} 11. O-O Nf6 12. d4 Nd5 13. Qb3 $146 ({Vorgänger:} 13. Qc2 e5 14. c4 Ne7 15. d5 cxd5 16. cxd5 Nf5 17. e3 Nd6 18. Ba3 Re8 {1-0 (26) Lekic,D (2405)-Radonjic,M (1811) Cetinje 2012}) 13... b5 14. Ba3 a5 15. Bc5 Bg4 16. e4 (16. c4 $16 bxc4 17. Qxc4) 16... Nb6 $14 17. e5 Be2 (17... Rc8 $14) 18. Bxc6 $18 Rc8 $2 (18... Rb8 19. Rfe1 (19. Bxb5 Bxf1 20. Kxf1 Nd5 $18) 19... Bd3) 19. Be4 $2 (19. Bxb5 $18 {ist der präzise Gewinnweg.} a4 20. Qa3 Bxf1 21. Bxf1) 19... Bc4 20. Qc2 $1 Bxf1 $4 {[%mdl 8192]} (20... Bh6 $16 {ist wohl besser.}) 21. Kxf1 {Droht Lxg6! und aus.} Rxc5 22. dxc5 Na4 {[#]} (22... Nc4 $142 23. Bxg6 (23. Rxb5 Na3 $16) 23... Qd5) 23. Bxg6 $1 {[%mdl 512]} Qd5 (23... fxg6 24. Qxg6) 24. Bxh5 $4 {[%mdl 8192]} (24. Rd1 $18 Qh1+ 25. Ke2 Nxc3+ 26. Qxc3) 24... Qh1+ $19 25. Ke2 {[%csl Gg5][%cal Rc2h7]} Qxb1 $1 26. Qxb1 {[%csl Gg5][%cal Rb1h7]} Nxc3+ 27. Kd3 Nxb1 28. f4 f6 $2 ({Weniger gut wäre} 28... Rd8+ 29. Ke3 $17) (28... Bh6 $1 $19 {bietet bessere Gewinnchancen. zielt auf ...Td8+ ab.} 29. Bxf7+ Rxf7) 29. Ne6 $17 Rc8 ({Natürlich nicht} 29... fxe5 $6 30. Nxf8 Kxf8 31. c6 $11) 30. Bf3 Kf7 (30... fxe5 $15 31. Bb7 e4+ $1 {[%mdl 512]} 32. Kxe4 Nc3+ 33. Kf5 Rb8) 31. f5 $2 (31. Bg4 $1 $11 {und Weiss steht sicher.}) 31... fxe5 $19 {[%cal Bf6e5,Be5e4,Be4e3][%mdl 32]} 32. Bb7 {[#]} e4+ $1 33. Kc2 (33. Kxe4 {kämpft weiter.} Nc3+ 34. Kf4) (33. Bxe4 Be5) 33... Rb8 $2 ({Lieber} 33... Na3+ $19 34. Kb3 Rb8 35. Ng5+ Kf6) 34. c6 $2 {[%mdl 8192]} (34. Kxb1 $11 {und Weiss muss sich keine Sorgen machen.} Rxb7 35. Nd8+ Kf6 36. Nxb7 Kxf5 37. c6) 34... Na3+ 35. Kb3 {[#] Droht stark c7.} Be5 $1 {Und ...e3 würde nun gewinnen.} 36. Kxa3 {[%mdl 4096] Endspiel Wenn Weiss jetzt Zeit für Kb3 hätte... KTL-KLS} e3 37. c7 Bxc7 38. Bf3 Bxg3 39. Kb3 Rc8 40. h5 Rc1 41. h6 Rf1 $4 {[%mdl 8192]} (41... Kg8 $19 {vermeidet das Desaster.} 42. h7+ Kh8) 42. h7 $18 Be5 (42... a4+ $18 43. Kb4 Rh1) 43. Bh5+ Kf6 44. h8=Q+ Kxf5 45. Qg8 {[%csl Gh5][%cal Rg8g6]} Ke4 46. Qg2+ {Precision: Weiß = 49%, Schwarz = 23%.} 1-0

[Event "RUS-chT Blitz Men 2018"]
[Site "Sochi"]
[Date "2018.10.10"]
[Round "7"]
[White "Rozum, Ivan"]
[Black "Ivlev, Aleksey"]
[Result "1-0"]
[WhiteElo "2573"]
[BlackElo "2326"]
[Annotator "TA"]
[PlyCount "105"]
[EventDate "2018.10.10"]
[EventType "swiss"]
[EventCountry "RUS"]
[SourceTitle "playchess.com"]
[Source "ChessBase"]
[SourceQuality "1"]

{[%evp 11,105,16,12,11,26,10,14,8,13,11,26,0,68,0,29,36,36,28,50,44,44,0,0,0,0,0,0,0,64,48,191,98,131,0,0,0,322,146,222,217,1612,568,560,552,1120,1114,1099,1099,960,725,695,709,697,679,682,661,648,645,719,714,711,700,679,700,673,670,714,675,709,674,717,687,904,663,1748,897,1154,606,12838,12838,12837,1353,12842,1277,12841,12841,12841,12841,12844,12844,12845,12845,12846,12846,12846,12847]} 1. d4 d5 2. Nf3 Nf6 3. g3 g6 4. Bg2 Bg7 5. O-O O-O 6. Nbd2 c6 7. Re1 {D02: 1 d4 d5 2 Nf3 sidelines, including 2...Nf6 3 g3 and 2...Nf6 3 Bf4} (7. c3 Re8 8. Re1 Bf5 9. Nh4 Be6 10. e4 dxe4 11. Nxe4 Bd5 12. Nxf6+ Bxf6 13. Nf3 Nd7 14. Bf4 c5 15. dxc5 Nxc5 {½-½ (62) Kramnik,V (2808)-Ivanchuk,V (2738) Leuven 2017}) 7... Bf5 8. c3 a5 9. Nh4 $146 {The position is equal.} Bg4 10. Qb3 Qc8 11. a4 Bh3 (11... Nbd7 $11) 12. Bh1 (12. Bxh3 $14 Qxh3 13. Qxb7) 12... g5 13. Nhf3 h6 14. e4 dxe4 15. Nxe4 Nbd7 16. Nexg5 hxg5 17. Nxg5 Bf5 18. Rxe7 {[%cal Rg5f7]} Bg6 19. Bf4 Qd8 (19... Nh5 $11) 20. Rae1 $14 Nh5 ({Better is} 20... Qb6 $14 21. Qa2 Rae8) 21. Bd6 (21. Qxb7 $18 Nxf4 22. gxf4) 21... Bf6 22. h4 (22. Qxb7 $16 Bxe7 23. Bxe7 (23. Rxe7 Nhf6 $11)) 22... Bxe7 $11 23. Bxe7 Qc8 $2 {[%mdl 8192] [#]} (23... Qb6 $1 $11 24. Qxb6 Nxb6 25. Bxf8 Kxf8) 24. Bxf8 (24. Be4 $1 $18 {[%cal Re4g6] and the rest is easy.} Bxe4 25. Rxe4 (25. Nxe4 Qb8 $18)) 24... Nxf8 {[#]} (24... Qxf8 $16 {was worth a try.} 25. Qxb7 Re8) 25. Re7 $1 $18 Rb8 $2 (25... Ne6 26. Nxe6 fxe6 27. Qxb7 Qxb7 28. Rxb7 Rc8) 26. Rxf7 (26. Nxf7 $142 {Nh6+ would kill now.} Ne6 27. Nd6) 26... Kh8 27. Re7 b5 28. Nf7+ Bxf7 29. Qxf7 Qg4 30. Bf3 Qg6 31. Bxh5 Qxf7 32. Bxf7 bxa4 {[%mdl 4096] Endgame KRB-KRN} 33. Ra7 Rxb2 34. Rxa5 Rc2 35. Rxa4 Rxc3 36. Rc4 Rd3 37. Kf1 Kg7 38. Be8 Ne6 39. Bxc6 Nxd4 40. Be4 Rd1+ 41. Kg2 Kf6 42. Rc5 Nb3 43. Rf5+ Ke6 44. Rf4 Nd2 45. Bf5+ Ke5 46. Bg6 Nb3 47. h5 {[%cal Bh4h5,Bh5h6,Bh6h7][%mdl 32]} Rd6 48. Rf5+ Ke6 49. h6 Nd4 50. h7 Rd8 51. Rf4 Nc6 52. Bf7+ Ke5 53. Bg8 {Precision: White = 49%, Black = 29%.} 1-0